000
00292 a2200145 4500
001
154988
040
_c
Escola São Tomás de Aquino
100
_a
JAMES, M.R
240
1
0
_a
Room 13
_l
por
245
1
0
_a
Room 13
300
_a
63
362
0
_a
2004
697
_a
Língua inglesa
942
_c
BK
999
_c
154988
_d
154988